Historia del derecho y de su desenvolvimiento en España ó Introducción á los códigos españoles / (Record no. 53715)

MARC details
000 -LEADER
campo de control de longitud fija 00641nam a22001695i 4500
001 - NÚMERO DE CONTROL
campo de control 53715
003 - IDENTIFICADOR DE NÚMERO DE CONTROL
campo de control ES-MaACL
007 - CAMPO FIJO DE DESCRIPCIÓN FÍSICA--INFORMACIÓN GENERAL
campo de control de longitud fija t|
008 - DATOS DE LONGITUD FIJA--INFORMACIÓN GENERAL
campo de control de longitud fija 960704s1877 sp ||||1| spa d
040 ## - FUENTE DE CATALOGACIÓN
Centro catalogador/agencia de origen CAM
Lengua de catalogación spa
Centro/agencia transcriptor CAM
100 1# - ENTRADA PRINCIPAL--NOMBRE DE PERSONA
Nombre de persona Fernández Elías, Clemente.
9 (RLIN) 49754
245 10 - MENCIÓN DEL TÍTULO
Título Historia del derecho y de su desenvolvimiento en España ó Introducción á los códigos españoles /
Mención de responsabilidad, etc. concordados y comentados por Clemete Fernández Elías ...
260 ## - PUBLICACIÓN, DISTRIBUCIÓN, ETC.
Lugar de publicación, distribución, etc. Madrid :
Nombre del editor, distribuidor, etc. [s.n.],
Fecha de publicación, distribución, etc. 1877 (
Fabricante Establecimientos tipográficos de M. Minuesa)
300 ## - DESCRIPCIÓN FÍSICA
Extensión 288 p. ;
Dimensiones 15 cm.
505 8# - NOTA DE CONTENIDO CON FORMATO
Nota de contenido con formato Contiene: Primera época: Romana y Goda
852 ## - LOCALIZACIÓN
Ubicación ES-MaACL
Número de control de estantería G-10992
Holdings
Estatus retirado Estado de pérdida Estado de daño No para préstamo Colección Biblioteca de origen Biblioteca actual Ubicación en estantería Fecha de adquisición Fuente de adquisición Total de préstamos Signatura topográfica completa Código de barras Visto por última vez Precio de reemplazo Tipo de ítem Koha
        Libros del s. XIX Biblioteca del Ateneo de Madrid Biblioteca del Ateneo de Madrid Sala Pecera Planta 3 17/01/2008     G-10992 1056444 23/02/2023 23/02/2023 Libro impreso antiguo